| 000 | 00688nam a22001937a 4500 | ||
|---|---|---|---|
| 005 | 20170316110805.0 | ||
| 010 | _a1617EN | ||
| 020 |
_a9788129137708 _c295.00 |
||
| 035 | _aB-650241-250 | ||
| 037 |
_adpl _bUppal |
||
| 082 | _a294.544 | ||
| 100 | _aPattanaik, Devdutt | ||
| 245 |
_aMy Gita / _cby Devdutt Pattanaik |
||
| 260 |
_aNew Delhi _bRupa Pub. _c2015 |
||
| 270 |
_a7/16, Ansari Road, Daryaganj _bNew Delhi _e110002 |
||
| 300 |
_aviii,264p. _c20cm(pbk) _billus. |
||
| 942 |
_2ddc _cEN _h294.544 _mPAT |
||
| 999 |
_c102059 _d102059 |
||